Centreless grinding, (Record no. 85749)

MARC details
000 -LEADER
fixed length control field 00538nam a2200205 4500
001 - CONTROL NUMBER
control field sa 68014391
003 - CONTROL NUMBER IDENTIFIER
control field DLC
005 - DATE AND TIME OF LATEST TRANSACTION
control field 20260227112631.0
008 - FIXED-LENGTH DATA ELEMENTS--GENERAL INFORMATION
fixed length control field 700220s1967 ii a 00110 eng
010 ## - LIBRARY OF CONGRESS CONTROL NUMBER
LC control number sa 68014391
025 ## - OVERSEAS ACQUISITION NUMBER
Overseas acquisition number PL480:I-E-11118
050 0# - LIBRARY OF CONGRESS CALL NUMBER
Classification number TJ1280
Item number .G56
082 ## - DEWEY DECIMAL CLASSIFICATION NUMBER
Classification number 621.9/2
100 10 - MAIN ENTRY--PERSONAL NAME
Personal name Gokharu, S. S.
245 1# - TITLE STATEMENT
Title Centreless grinding,
Statement of responsibility, etc. by S. S. Gokharu.
260 0# - PUBLICATION, DISTRIBUTION, ETC.
Place of publication, distribution, etc. Bombay,
Name of publisher, distributor, etc. D. B. Taraporevala Sons
Date of publication, distribution, etc. [1967]
300 ## - PHYSICAL DESCRIPTION
Extent xi, 179 p.
Other physical details illus.
Dimensions 23 cm.
350 ## - PRICE (NR) (BK AM CF MU VM SE) [OBSOLETE]
Price 17.00
650 #0 - SUBJECT ADDED ENTRY--TOPICAL TERM
Topical term or geographic name entry element Centerless grinding.

No items available.

Powered by Koha